000 00518nam a22001697a 4500
999 _c9139
_d9139
008 210325b ||||| |||| 00| 0 eng d
040 _aBMS College of Architecture
100 _aG, Megala
245 _aAbhinaya theatre hub thiruvananthapuram
300 _a48p.
500 _a1BM05AT019
502 _8B,Arch
_NBMS College of Architecture, Visvesvaraya Technological University
_aProject report
_d2010
650 _aThiruvananthapuram
700 _aK Manjula
_eGuide
700 _aPushpa D
_eGuide
942 _2ddc
_cTHE